[Event "MSI Academy Final Open"]
[Site "London ENG"]
[Date "2014.11.19"]
[Round "1.1"]
[White "Hebden, Mark L"]
[Black "Khandelwal, Ankush"]
[Result "1-0"]
[WhiteElo "2527"]
[BlackElo "2225"]

1. d4 f5 2. g3 Nf6 3. Bg2 g6 4. Nf3 Bg7 5. O-O O-O 6. c4 d6 7. Nc3 Nc6 8. d5
Ne5 9. Nxe5 dxe5 10. Qb3 h6 11. Rd1 g5 12. c5 Kh8 13. Bd2 a6 14. Na4 Qe8 15.
Ba5 b6 16. cxb6 cxb6 17. Nxb6 Rb8 18. d6 exd6 19. Rxd6 e4 20. Rad1 f4 21. Qc2
fxg3 22. fxg3 Qb5 23. Nc4 Qc5+ 24. e3 Bg4 25. R1d4 Ne8 26. R6d5 Qc6 27. Bc3
Be6 28. Ne5 Qc7 29. Ng6+ Kg8 30. Nxf8 Bxd5 31. Rxd5 Kxf8 32. Rc5 Qf7 33. Bxe4
Nd6 34. Bd5 Qa7 35. Qf2+ Ke8 36. Bc6+ Kd8 37. Rd5 Kc7 38. Qd2 Bf8 39. Bd4 {#r}
1-0

[Event "MSI Academy Final Open"]
[Site "London ENG"]
[Date "2014.11.19"]
[Round "1.2"]
[White "Warman, Simon M"]
[Black "Fodor, Tamas Jr."]
[Result "0-1"]
[WhiteElo "2111"]
[BlackElo "2502"]

1. e4 e5 2. Nf3 Nc6 3. Bb5 a6 4. Ba4 Nf6 5. O-O Be7 6. Nc3 b5 7. Bb3 d6 8. Nd5
Nxe4 9. d4 Nf6 10. dxe5 dxe5 11. Re1 O-O 12. Nxe5 Nxe5 13. Rxe5 Bd6 14. Re1
Bb7 15. Nxf6+ Qxf6 16. Bd5 Bxh2+ 17. Kxh2 Qd6+ 18. g3 Bxd5 19. Bf4 Qc5 20. Qd2
Rad8 21. Rad1 Bf3 {#R} 0-1

[Event "MSI Academy Final Open"]
[Site "London ENG"]
[Date "2014.11.19"]
[Round "1.3"]
[White "Cherniaev, Alexander"]
[Black "Jones, Steven A"]
[Result "1/2-1/2"]
[WhiteElo "2475"]
[BlackElo "2114"]

1. d4 Nf6 2. g3 d5 3. Bg2 c6 4. Nf3 Bf5 5. c4 h6 6. Nc3 e6 7. Qb3 Qb6 8. c5
Qxb3 9. axb3 Nbd7 10. b4 Ne4 11. b5 g5 12. bxc6 bxc6 13. Nd2 Nxd2 14. Kxd2 Bg7
15. e4 dxe4 16. Nxe4 Bxd4 17. Nd6+ Ke7 18. Nxf5+ exf5 19. Bxc6 Nxc5 20. Bxa8
Nb3+ 21. Kd3 Nxa1 22. Kxd4 Rxa8 23. Bxg5+ hxg5 24. Rxa1 f6 25. Ra5 Ke6 26.
Ra6+ Ke7 27. Kc5 Rc8+ 28. Rc6 Rd8 29. Rc7+ Ke6 30. Rxa7 Rd2 31. Ra6+ Ke5 32.
Ra3 f4 33. gxf4+ Kxf4 34. b4 Rc2+ 35. Kd5 Rxf2 36. Rb3 Rxh2 37. b5 Rh8 38. Ke6
g4 39. Rb4+ Kf3 40. Rb3+ Kf2 41. Kf5 g3 42. Rb2+ Kg1 43. Kxf6 g2 44. Ke7 Kh1
45. Rxg2 {#d} 1/2-1/2

[Event "MSI Academy Final Open"]
[Site "London ENG"]
[Date "2014.11.19"]
[Round "1.4"]
[White "Prior, Stephen C V"]
[Black "Arkell, Keith C"]
[Result "0-1"]
[WhiteElo "2018"]
[BlackElo "2460"]

1. e4 c6 2. d4 d5 3. f3 e6 4. Nc3 Bb4 5. Bf4 Ne7 6. Qd3 Nd7 7. O-O-O Qa5 8.
Nge2 dxe4 9. fxe4 e5 10. Bg3 exd4 11. Qxd4 O-O 12. Bd6 Bxd6 13. Qxd6 Qe5 14.
Qd2 Nf6 15. Ng3 Be6 16. Bd3 b5 17. Kb1 b4 18. Nce2 c5 19. Qf4 Ng6 20. Qxe5
Nxe5 21. Nf4 Nfg4 22. Rdf1 Rfd8 23. h3 Nf6 24. Nf5 c4 25. Nxe6 fxe6 26. Nh6+
gxh6 27. Rxf6 cxd3 28. cxd3 Nxd3 29. Rxe6 Re8 30. Rxh6 Rxe4 31. Rd6 Ne5 32.
Rc1 Rf8 33. Rd2 Rf7 34. Rdc2 Kg7 35. Rc7 Re2 36. Rxf7+ Nxf7 37. Rc4 a5 38.
Rg4+ Kf6 39. Kc1 Ne5 40. Rh4 Nd3+ 41. Kd1 Rxb2 42. Rxh7 Rxg2 43. Rd7 Nf4 44.
Rd2 Rxd2+ 45. Kxd2 Ke5 {#R} 0-1

[Event "MSI Academy Final Open"]
[Site "London ENG"]
[Date "2014.11.19"]
[Round "2.2"]
[White "Fodor, Tamas Jr."]
[Black "Bin-Suhayl, Ieysaa"]
[Result "1-0"]
[WhiteElo "2502"]
[BlackElo "1719"]

1. d4 Nf6 2. c4 c5 3. d5 b5 4. cxb5 a6 5. e3 axb5 6. Bxb5 Qa5+ 7. Nc3 g6 8.
Ne2 Bg7 9. O-O Ba6 10. a4 O-O 11. Ra3 d6 12. Bd2 Nbd7 13. Bc6 Rab8 14. Nb5 Qd8
15. Bc3 Bxb5 16. axb5 Nb6 17. Ra7 Nfd7 18. Qa1 Bxc3 19. bxc3 Ne5 20. e4 Nxc6
21. bxc6 Ra8 22. Rb1 Qb8 23. Rxa8 Qxa8 24. f3 Qxa1 25. Rxa1 Rc8 26. Ra7 Kf8
27. Kf2 Ke8 28. h4 h6 29. g4 Nc4 30. h5 g5 31. Ng3 e6 32. Nf1 Kf8 33. Ne3 Nxe3
34. Kxe3 e5 35. Rd7 f6 36. Rxd6 Ke7 37. Rd7+ Kf8 38. c7 Ke8 39. Rh7 c4 40. d6
{#r} 1-0

[Event "MSI Academy Final Open"]
[Site "London ENG"]
[Date "2014.11.19"]
[Round "2.3"]
[White "Lyell, Mark"]
[Black "Kirk, Ezra"]
[Result "0-1"]
[WhiteElo "2294"]
[BlackElo "2295"]

1. e4 c5 2. Nc3 Nc6 3. Bb5 g6 4. Bxc6 bxc6 5. d3 Bg7 6. Nge2 d6 7. O-O Nh6 8.
b3 O-O 9. Bb2 f5 10. Qd2 e5 11. f4 exf4 12. Qxf4 Ng4 13. exf5 Rxf5 14. Qa4 Qe7
15. Rxf5 Bxf5 16. Qc4+ Kh8 17. Qf4 Be5 18. Rb1 Kg8 19. Qd2 Bxh2+ 20. Kf1 Qh4
21. Nd1 Rf8 {#R} 0-1

[Event "MSI Academy Final Open"]
[Site "London ENG"]
[Date "2014.11.19"]
[Round "2.4"]
[White "Jones, Steven A"]
[Black "Shepley, Julien M"]
[Result "1-0"]
[WhiteElo "2114"]
[BlackElo "1954"]

1. e4 d6 2. d4 Nf6 3. Nc3 e5 4. Nf3 Nbd7 5. Bc4 Be7 6. a4 c6 7. O-O Qc7 8. h3
h6 9. Be3 g5 10. Nh2 Nf8 11. Ng4 Nxg4 12. hxg4 Ng6 13. Qf3 Rh7 14. g3 Bd7 15.
Qd1 Rd8 16. Kg2 Bf6 17. Be2 Bc8 18. a5 Kf8 19. d5 Kg7 20. Bxa7 Qd7 21. b4 h5
22. Rh1 h4 23. Be3 Rdh8 24. dxc6 bxc6 25. a6 hxg3 26. Rxh7+ Kxh7 27. fxg3 Kg7
28. Qd2 Qe7 29. a7 Bb7 30. b5 Nf4+ 31. gxf4 gxf4 32. bxc6 fxe3 33. cxb7 {#r}
1-0

[Event "MSI Academy Final Open"]
[Site "London ENG"]
[Date "2014.11.20"]
[Round "3.1"]
[White "Kirk, Ezra"]
[Black "Fodor, Tamas Jr."]
[Result "0-1"]
[WhiteElo "2295"]
[BlackElo "2502"]

1. d4 d5 2. c4 dxc4 3. Nf3 a6 4. e3 Bg4 5. Bxc4 e6 6. O-O Bd6 7. Nc3 Nc6 8.
Ne4 Nf6 9. Nxd6+ Qxd6 10. Be2 Ne4 11. Nd2 Bxe2 12. Qxe2 Qd5 13. b3 O-O 14.
Nxe4 Qxe4 15. f3 Qg6 16. Ba3 Rfd8 17. Rfd1 Rd5 18. Bb2 Rad8 19. Qf2 f5 20. Rd2
e5 21. Rad1 e4 22. fxe4 fxe4 23. Rf1 Ne5 24. Ba3 h6 25. Rc2 Nd3 26. Qh4 c6 27.
Bc5 Kh7 28. a4 R8d7 29. Ra2 Rg5 30. Ba3 Rdd5 31. Qh3 Rdf5 32. Rxf5 Rxf5 33.
Ra1 Rf3 34. Qh4 Rxe3 35. Rf1 Rf3 36. Rd1 Rf2 37. Qg3 Qxg3 38. hxg3 Ra2 {#R}
0-1

[Event "MSI Academy Final Open"]
[Site "London ENG"]
[Date "2014.11.20"]
[Round "3.2"]
[White "Hebden, Mark L"]
[Black "Jones, Steven A"]
[Result "1-0"]
[WhiteElo "2527"]
[BlackElo "2114"]

1. d4 Nf6 2. Nf3 e6 3. Bg5 h6 4. Bh4 c5 5. e3 cxd4 6. exd4 Qb6 7. Nbd2 d5 8.
Rb1 Nc6 9. c3 g5 10. Bg3 Nh5 11. Bd3 Nxg3 12. hxg3 Bg7 13. g4 Bd7 14. Nf1 e5
15. Nxe5 Nxe5 16. dxe5 O-O-O 17. Ne3 Rhe8 18. O-O Bxe5 19. Bf5 Kb8 20. Bxd7
Rxd7 21. Nf5 d4 22. Qd3 Rdd8 23. c4 Rh8 24. Rfe1 f6 25. Ng7 Rd7 26. Nh5 Re7
27. Re4 Rhe8 28. g3 Qe6 29. Rbe1 Qd7 30. Kg2 f5 31. gxf5 Qxf5 32. g4 Qg6 33.
b3 Qd6 34. Qf3 Kc7 35. Rd1 Re6 36. Ng3 Bxg3 37. Rexd4 Qc6 38. Kxg3 Qxf3+ 39.
Kxf3 Rf6+ 40. Kg3 Re2 41. Rd7+ Kc8 42. Rd8+ Kc7 43. R1d7+ Kc6 44. Rd2 Rfxf2
45. R8d6+ Kc7 46. Rxe2 Rxe2 47. Rxh6 Rxa2 48. Rg6 Ra3 49. Rxg5 Rxb3+ 50. Kh4
Rb4 51. Rc5+ Kd7 52. g5 b6 53. Re5 Rxc4+ 54. Kh5 Rc1 55. g6 Rh1+ 56. Kg5 Rg1+
57. Kh6 a5 58. g7 Rxg7 59. Kxg7 Kc6 60. Kf6 a4 61. Kf5 a3 62. Re3 Kd5 63. Rxa3
b5 64. Ra8 b4 65. Rb8 Kc4 66. Ke4 Kc3 67. Ke3 b3 68. Rc8+ Kb2 69. Kd2 Ka2 70.
Kc3 b2 71. Ra8+ Kb1 72. Rb8 Ka1 73. Kc2 {#r} 1-0

[Event "MSI Academy Final Open"]
[Site "London ENG"]
[Date "2014.11.20"]
[Round "3.3"]
[White "Cherniaev, Alexander"]
[Black "Arkell, Keith C"]
[Result "1/2-1/2"]
[WhiteElo "2475"]
[BlackElo "2460"]

1. e4 e6 2. d4 d5 3. e5 c5 4. c3 Nc6 5. Nf3 Nge7 6. Na3 Nf5 7. Nc2 cxd4 8.
cxd4 Bd7 9. Be2 Be7 10. O-O h5 11. Rb1 a5 12. b3 Nb4 13. Nxb4 axb4 14. Rb2 Qb6
15. h3 Bb5 16. Bxb5+ Qxb5 17. g4 hxg4 18. hxg4 Nh4 19. Nxh4 Rxh4 20. Bf4 Rc8
21. Bg3 Rh8 22. Qe2 Qxe2 23. Rxe2 Rc3 24. Rd1 Kd7 25. Kg2 g5 {#d} 1/2-1/2

[Event "MSI Academy Final Open"]
[Site "London ENG"]
[Date "2014.11.20"]
[Round "3.4"]
[White "Warman, Simon M"]
[Black "Prior, Stephen C V"]
[Result "1-0"]
[WhiteElo "2111"]
[BlackElo "2018"]

1. e4 c5 2. f4 d5 3. Bb5+ Bd7 4. Bxd7+ Nxd7 5. exd5 c4 6. d3 Qa5+ 7. Nc3 cxd3
8. Qxd3 O-O-O 9. Be3 Ngf6 10. Nf3 Nb6 11. Bxb6 Qxb6 12. Ne5 e6 13. Nxf7 Bc5
14. O-O-O Rhf8 15. Nxd8 Rxd8 16. Na4 Qa5 17. Qc4 b6 18. Nxc5 Qxc5 19. Qxc5+
bxc5 20. dxe6 Re8 21. Rhe1 Re7 22. Re5 Kb7 23. h3 h5 24. Rd6 Kc7 25. Ra6 Kb7
26. Ra5 g6 27. Raxc5 a6 28. a4 h4 29. a5 Nh5 30. Rxh5 gxh5 31. f5 {#r} 1-0

[Event "MSI Academy Final Open"]
[Site "London ENG"]
[Date "2014.11.20"]
[Round "3.5"]
[White "Bin-Suhayl, Ieysaa"]
[Black "Gupta, Arul"]
[Result "0-1"]
[WhiteElo "1719"]
[BlackElo "2049"]

1. d4 Nf6 2. c4 e6 3. Nc3 Bb4 4. e3 O-O 5. Bd3 d5 6. Ne2 c5 7. O-O Nc6 8. a3
Bxc3 9. bxc3 Qe7 10. Nf4 dxc4 11. Bxc4 Rd8 12. Bb2 e5 13. Ne2 exd4 14. cxd4
Bg4 15. Re1 cxd4 16. exd4 Rac8 17. Ba2 Re8 18. Kf1 Qd6 19. Kg1 Bxe2 20. Rxe2
Rxe2 21. Qxe2 Nxd4 22. Qd3 Rd8 23. h3 h6 24. Kh1 Nc6 25. Qf3 Qd3 26. Qxd3 Rxd3
27. Bxf6 gxf6 28. Kg1 Kg7 29. Bc4 Rc3 30. Bd5 b6 31. Kf1 Nd4 32. a4 Nc2 33.
Rd1 Ra3 34. Bc6 Ra1 35. Rxa1 Nxa1 36. a5 Nc2 37. axb6 axb6 38. Be4 Nd4 39. Ke1
f5 40. Bb1 Kf6 41. f4 Ne6 42. g3 Nc5 43. Kd2 h5 44. Ke3 Ke6 45. Ba2+ Kf6 46.
Bd5 Ne6 47. Kd3 h4 48. Bxe6 fxe6 49. gxh4 e5 50. fxe5+ Kxe5 51. h5 Kf6 52. h4
b5 53. Kd4 Kg7 54. Ke5 b4 55. Kd4 f4 56. Kd3 Kh6 57. Ke4 Kxh5 58. Kxf4 b3 59.
Ke3 b2 {#R} 0-1

[Event "MSI Academy Final Open"]
[Site "London ENG"]
[Date "2014.11.20"]
[Round "3.6"]
[White "Khandelwal, Ankush"]
[Black "Lyell, Mark"]
[Result "1-0"]
[WhiteElo "2225"]
[BlackElo "2294"]

1. f4 d5 2. Nf3 g6 3. g3 Bg7 4. Bg2 Nf6 5. O-O O-O 6. d3 b6 7. e4 dxe4 8. dxe4
Ba6 9. Re1 Qxd1 10. Rxd1 Nc6 11. e5 Ng4 12. Nc3 Rad8 13. h3 Nh6 14. Be3 e6 15.
g4 Rxd1+ 16. Rxd1 Rd8 17. Rxd8+ Nxd8 18. Nd4 f6 19. exf6 Bxf6 20. Ndb5 Bxc3
21. Nxc3 Nhf7 22. Ne4 c5 23. Nf6+ Kg7 24. Ne8+ Kf8 25. Nc7 Bc8 26. Nb5 a6 27.
Nc7 Nd6 28. Na8 Nc4 29. Bf2 Nxb2 30. Nxb6 Bb7 31. Bxc5+ Ke8 32. Bxb7 Nxb7 33.
Bd4 Nd1 34. Kf1 Nd6 35. a4 {#r} 1-0

[Event "MSI Academy Final Open"]
[Site "London ENG"]
[Date "2014.11.20"]
[Round "3.7"]
[White "Shepley, Julien M"]
[Black "Krzyzanowski, Patryk"]
[Result "0-1"]
[WhiteElo "1954"]
[BlackElo "1982"]

1. e4 c5 2. Nf3 g6 3. g3 Bg7 4. Bg2 Nc6 5. c3 d6 6. O-O Nf6 7. Qe2 O-O 8. Rd1
Qc7 9. d4 cxd4 10. cxd4 Bg4 11. h3 Bxf3 12. Qxf3 Nxd4 13. Rxd4 Qxc1+ 14. Rd1
Qxb2 15. Nd2 Rab8 16. Nc4 Qb5 17. Rac1 Rfc8 18. Bf1 Qa4 19. e5 dxe5 20. Nxe5
Qe4 21. Rxc8+ Rxc8 22. Qxe4 Nxe4 23. Ng4 h5 24. Ne3 Nd6 25. Nd5 Kf8 26. a4 e6
27. Ne3 Ke7 28. a5 Rc5 29. a6 bxa6 30. Bxa6 Ra5 31. Bf1 Ra1 32. Rxa1 Bxa1 33.
Ba6 Bd4 34. Nc2 Bc5 35. Ne1 Kd7 36. Nd3 Bd4 37. Kg2 Kc7 38. Nb4 Kb6 39. Bd3 a5
40. Nc2 Bc5 41. Kf3 a4 42. Ne3 Bxe3 43. Kxe3 Kc5 {#R} 0-1

[Event "MSI Academy Final Open"]
[Site "London ENG"]
[Date "2014.11.20"]
[Round "4.1"]
[White "Fodor, Tamas Jr."]
[Black "Hebden, Mark L"]
[Result "1/2-1/2"]
[WhiteElo "2502"]
[BlackElo "2527"]

1. d4 Nf6 2. c4 g6 3. Nc3 Bg7 4. e4 d6 5. Nf3 O-O 6. Be2 e5 7. Be3 Ng4 8. Bg5
f6 9. Bc1 Nc6 10. d5 Nd4 11. Nxd4 exd4 12. Nb5 f5 13. O-O Ne5 14. exf5 d3 15.
Bxd3 Nxd3 16. Qxd3 Bxf5 17. Qe2 a6 18. Nc3 Qh4 19. Be3 Rae8 20. Rac1 Be5 21.
g3 Qh3 22. Nd1 Bg4 23. f3 Rxf3 24. Rxf3 Qh5 25. Kg2 Qh3+ 26. Kg1 {#d} 1/2-1/2

[Event "MSI Academy Final Open"]
[Site "London ENG"]
[Date "2014.11.20"]
[Round "4.2"]
[White "Kirk, Ezra"]
[Black "Cherniaev, Alexander"]
[Result "0-1"]
[WhiteElo "2295"]
[BlackElo "2475"]

1. d4 Nf6 2. c4 d6 3. Nc3 e5 4. g3 Nbd7 5. Bg2 g6 6. Nf3 Bg7 7. O-O O-O 8. e4
exd4 9. Nxd4 Re8 10. h3 Nc5 11. Re1 a5 12. Bf4 h6 13. Ndb5 Ne6 14. e5 Nh5 15.
exd6 Nhxf4 16. gxf4 c6 17. Nc7 Nxc7 18. dxc7 Rxe1+ 19. Qxe1 Qxc7 20. Qe8+ Bf8
21. f5 Rb8 22. fxg6 Be6 23. gxf7+ Bxf7 24. Qe4 Re8 25. Qg4+ Bg7 26. Rd1 Be6
27. Qg6 Bf7 28. Qg4 Qe5 29. Ne4 Be6 30. Qg6 Bf7 31. Qg4 Kh8 32. Ng3 Qxb2 33.
Be4 Qf6 34. h4 Rf8 35. Bf5 Rd8 36. Rxd8+ Qxd8 37. Be6 Be8 38. Nf5 Qf6 39. c5
Bg6 40. Nd6 h5 41. Qc4 Qf3 42. Bf7 Bd3 43. Bxh5 Bxc4 44. Bxf3 Bxa2 45. Nxb7 a4
46. Bxc6 a3 47. Be4 Bg8 48. Bb1 a2 49. Bxa2 Bxa2 50. Nd6 Bd5 51. Nf5 Bf8 52.
Kh2 Bxc5 53. Kg3 Kg8 54. Kg4 Kf7 55. f4 Be6 56. Kg5 Bd7 57. Nh6+ Kf8 58. f5
Be3+ 59. Kg6 Be8+ 60. Kh7 Bh5 61. Ng8 Bd4 62. Nh6 Bf6 63. Ng8 Bxh4 64. Nh6 Bg5
65. Ng8 Kf7 {#R} 0-1

[Event "MSI Academy Final Open"]
[Site "London ENG"]
[Date "2014.11.20"]
[Round "4.3"]
[White "Arkell, Keith C"]
[Black "Jones, Steven A"]
[Result "1-0"]
[WhiteElo "2460"]
[BlackElo "2114"]

1. d4 Nf6 2. Nf3 e6 3. c4 Bb4+ 4. Bd2 Qe7 5. g3 Nc6 6. Nc3 O-O 7. Bg2 Bxc3 8.
Bxc3 Ne4 9. Rc1 d6 10. d5 Nxc3 11. Rxc3 Nb8 12. dxe6 fxe6 13. O-O e5 14. c5
Rd8 15. cxd6 cxd6 16. Qd2 d5 17. Ng5 Be6 18. Rc7 Qd6 19. Nxe6 Qxe6 20. Rxg7+
{#r} 1-0

[Event "MSI Academy Final Open"]
[Site "London ENG"]
[Date "2014.11.20"]
[Round "4.4"]
[White "Prior, Stephen C V"]
[Black "Khandelwal, Ankush"]
[Result "0-1"]
[WhiteElo "2018"]
[BlackElo "2225"]

1. e4 e5 2. Nf3 Nc6 3. Bb5 Bc5 4. c3 Nf6 5. d3 d6 6. O-O O-O 7. Re1 Kh8 8. h3
Bd7 9. Nbd2 h6 10. Nf1 g5 11. d4 exd4 12. b4 Bb6 13. cxd4 g4 14. hxg4 Nxg4 15.
Bxc6 bxc6 16. Bb2 Rg8 17. Qd3 Rg6 18. Ng3 Qg8 19. Nh4 Rf6 20. Ngf5 Qg5 21. g3
Rg8 22. Kf1 d5 23. f3 Nh2+ 24. Ke2 Re8 25. Kd1 Bxf5 26. Nxf5 Rxf5 27. exf5
Rxe1+ 28. Kxe1 Qxg3+ 29. Kd1 Nxf3 30. Rc1 Qg1+ 31. Ke2 Qg2+ 32. Kd1 Qxb2 33.
Qxf3 Qxd4+ 34. Ke1 Qxb4+ 35. Kd1 Qa4+ 36. Rc2 Qd4+ 37. Ke2 c5 38. f6 c4 39.
Qf5 Qe3+ 40. Kd1 Qg1+ 41. Ke2 Qg5 42. Qf3 c6 43. Kf1 Bd4 44. Rh2 Qg1+ {#R} 0-1

[Event "MSI Academy Final Open"]
[Site "London ENG"]
[Date "2014.11.20"]
[Round "4.5"]
[White "Krzyzanowski, Patryk"]
[Black "Lyell, Mark"]
[Result "1/2-1/2"]
[WhiteElo "1982"]
[BlackElo "2294"]

1. d4 f5 2. Nf3 Nf6 3. Bg5 e6 4. Nbd2 d5 5. e3 Be7 6. Ne5 Nbd7 7. Bxf6 Bxf6 8.
Nxd7 Bxd7 9. f4 O-O 10. Bd3 c5 11. c3 Qb6 12. Qb3 Qc7 13. Qd1 c4 14. Bc2 b5
15. O-O a5 16. a3 b4 17. axb4 axb4 18. Qf3 bxc3 19. bxc3 Rxa1 20. Rxa1 Qb6 21.
Ra2 Rb8 22. Qd1 Bc6 23. g4 g6 24. g5 Bd8 25. Qa1 Qb7 26. Nf3 Ra8 27. Kf2 Rxa2
28. Qxa2 Bc7 29. Qa3 Kf7 30. Ke2 Ke8 31. Kd2 Qb6 32. h4 Qa5 33. Qxa5 Bxa5 34.
Bd1 Kd8 35. Nh2 Be8 36. Nf1 Bc7 37. Ng3 Bd6 38. h5 Kc7 39. hxg6 hxg6 40. Nf1
Kb6 41. Nh2 Ka5 42. Nf3 Ba3 43. Bc2 Bd6 44. Kc1 Ba3+ 45. Kb1 Bd6 46. Kb2 Be7
47. Ne5 Bd6 48. Nf3 {#d} 1/2-1/2

[Event "MSI Academy Final Open"]
[Site "London ENG"]
[Date "2014.11.20"]
[Round "4.6"]
[White "Bin-Suhayl, Ieysaa"]
[Black "Shepley, Julien M"]
[Result "1-0"]
[WhiteElo "1719"]
[BlackElo "1954"]

1. Nf3 d6 2. d4 c6 3. c4 Nf6 4. Nc3 Bg4 5. e3 e6 6. Be2 d5 7. cxd5 exd5 8. h3
Bh5 9. Ne5 Bxe2 10. Qxe2 Nbd7 11. Nd3 Bd6 12. O-O O-O 13. b3 Re8 14. Bb2 Qe7
15. Rac1 Nf8 16. Rfe1 Ng6 17. Nb1 a5 18. a4 Rac8 19. Nd2 Nh4 20. Nf3 Nxf3+ 21.
Qxf3 Bb8 22. Qd1 Qd6 23. Ne5 Nd7 24. Nf3 Re6 25. Qd2 b6 26. Qd3 Rce8 27. Qc3
f5 28. Ne5 Nxe5 29. dxe5 Qxe5 30. Qxe5 Bxe5 31. Bxe5 Rxe5 32. Rxc6 R5e6 33.
Rec1 Kf7 34. Kf1 R8e7 35. Rc8 Rd6 36. R8c6 Ree6 37. Rxd6 Rxd6 38. Ke2 Ke6 39.
Rc7 Rd7 40. Rc6+ Rd6 41. Rc8 d4 42. Rc7 dxe3 43. Rxg7 exf2 44. Rxh7 Ke5 45.
Rb7 Rd2+ 46. Kf1 Kf4 47. Rxb6 Kg3 48. Rg6+ Kf4 49. Rf6 Rb2 50. Rb6 Kg3 51.
Rg6+ Kf4 52. h4 Rxb3 53. h5 Rb4 54. Kxf2 Rxa4 55. h6 Ra1 56. g3+ Ke5 57. Kg2
Ra2+ 58. Kh3 Ra1 59. Kh4 f4 60. Kg5 Rg1 61. g4 Rh1 62. Rf6 a4 63. Rf5+ Ke6 64.
Rxf4 a3 65. Ra4 Rh3 66. Kg6 {#r} 1-0

[Event "MSI Academy Final Open"]
[Site "London ENG"]
[Date "2014.11.21"]
[Round "5.1"]
[White "Arkell, Keith C"]
[Black "Fodor, Tamas Jr."]
[Result "1/2-1/2"]
[WhiteElo "2460"]
[BlackElo "2502"]

1. d4 Nf6 2. Nf3 e6 3. c3 c5 4. Bg5 cxd4 5. cxd4 h6 6. Bxf6 Qxf6 7. Nc3 d5 8.
e3 Nc6 9. Bb5 Bd6 10. O-O O-O 11. Rc1 Qd8 12. a3 Bd7 13. Re1 a6 14. Bd3 f5 15.
Na4 Be8 16. Nc5 Qe7 17. b4 g5 18. g3 Rf7 19. Bf1 Rg7 20. Bg2 Kh8 21. Qb3 Qf6
22. Qb2 Bh5 23. Nxb7 Nxb4 24. Nxd6 Nd3 25. Qd2 Nxc1 26. Rxc1 Qd8 27. Rc6 Rc7
28. Qc2 Raa7 29. Ne1 Qd7 30. Rxc7 Rxc7 31. Qb2 Qxd6 32. Nd3 Rc6 33. Nc5 Rb6
34. Qc2 Qb8 35. Bf1 Rb1 36. Kg2 f4 37. exf4 gxf4 38. Nxe6 f3+ 39. Kh3 Qg8 40.
Qf5 Bg4+ 41. Qxg4 Qxg4+ 42. Kxg4 Rxf1 43. Kxf3 Ra1 44. Kf4 Rxa3 45. Ke5 Rf3
46. Kxd5 Rxf2 47. Nc5 a5 48. h4 Kg8 49. Ke6 Re2+ 50. Kd6 Rg2 51. Kc6 Rxg3 52.
d5 Rg4 53. d6 Kf7 54. Nb7 Rxh4 55. d7 Rc4+ 56. Kb5 {#d} 1/2-1/2

[Event "MSI Academy Final Open"]
[Site "London ENG"]
[Date "2014.11.21"]
[Round "5.2"]
[White "Hebden, Mark L"]
[Black "Cherniaev, Alexander"]
[Result "1/2-1/2"]
[WhiteElo "2527"]
[BlackElo "2475"]

1. d4 Nf6 2. Bg5 Ne4 3. Bf4 c5 4. d5 Qb6 5. Nd2 Qxb2 6. Nxe4 Qb4+ 7. c3 Qxe4
8. e3 e6 9. c4 exd5 10. Nf3 d6 11. Ng5 Qe7 12. Qxd5 Be6 13. Qd3 Nc6 14. Be2
Qd7 15. Nxe6 fxe6 16. O-O Be7 17. Rfd1 O-O 18. Bg4 Nd4 19. exd4 Rxf4 20. Qh3
Qc7 21. g3 Rf6 22. Bxe6+ Kh8 23. d5 Qa5 24. Bc8 Qc7 25. Bf5 g6 26. Bd3 Raf8
27. Rd2 b5 28. Re2 bxc4 29. Bxc4 R6f7 30. Rae1 Bf6 31. f4 {#d} 1/2-1/2

[Event "MSI Academy Final Open"]
[Site "London ENG"]
[Date "2014.11.21"]
[Round "5.3"]
[White "Gupta, Arul"]
[Black "Warman, Simon M"]
[Result "1-0"]
[WhiteElo "2049"]
[BlackElo "2111"]

1. e4 c5 2. Nf3 e6 3. c3 d5 4. exd5 Qxd5 5. Na3 Nf6 6. d4 Be7 7. Nb5 Qd8 8.
dxc5 Qxd1+ 9. Kxd1 Na6 10. b4 Ne4 11. Be3 O-O 12. Bd3 Rd8 13. Kc2 Nf6 14. Bg5
Bd7 15. a3 Bc6 16. Nbd4 Ba4+ 17. Kb2 h6 18. Bxf6 Bxf6 19. Bxa6 bxa6 20. Rhe1
Rd5 21. Nb3 Rad8 22. Rac1 g5 23. Rc2 Bxb3 24. Kxb3 g4 25. Ng1 a5 26. Re4 h5
27. Ne2 a6 28. Rc4 Rb8 29. Ka4 axb4 30. cxb4 Be5 31. Ng3 f5 32. Nxh5 Kf7 33.
Nf4 Rd1 34. h3 gxh3 35. gxh3 Kf6 36. h4 Rh1 37. c6 Bc7 38. Rd4 Be5 39. Rdc4
Bc7 40. Rd2 Rc8 41. Rdc2 Kf7 42. Ne2 e5 43. Ng3 Rh3 44. Nxf5 Ke6 45. Ng3 Rh8
46. h5 Kd5 47. Rc5+ Ke6 48. Rd2 e4 49. Nxe4 {#r} 1-0

[Event "MSI Academy Final Open"]
[Site "London ENG"]
[Date "2014.11.21"]
[Round "5.4"]
[White "Khandelwal, Ankush"]
[Black "Bin-Suhayl, Ieysaa"]
[Result "1/2-1/2"]
[WhiteElo "2225"]
[BlackElo "1719"]

1. f4 c5 2. Nf3 d5 3. g3 Nc6 4. Bg2 Nf6 5. O-O Qc7 6. d3 b6 7. Nc3 Bb7 8. a3
g6 9. e4 dxe4 10. dxe4 Rd8 11. Nd5 Nxd5 12. exd5 e6 13. c4 exd5 14. cxd5 Ne7
15. Qa4+ Qd7 16. Qxa7 Nc8 17. Re1+ Be7 18. Qb8 Nd6 19. Qa7 Nc8 20. Qb8 Nd6 21.
Qa7 Nc8 {#d} 1/2-1/2

[Event "MSI Academy Final Open"]
[Site "London ENG"]
[Date "2014.11.21"]
[Round "5.5"]
[White "Jones, Steven A"]
[Black "Kirk, Ezra"]
[Result "0-1"]
[WhiteElo "2114"]
[BlackElo "2295"]

1. e4 c5 2. Nf3 Nc6 3. Nc3 g6 4. d4 cxd4 5. Nxd4 Bg7 6. Be3 Nf6 7. Bc4 Qa5 8.
O-O O-O 9. Nb3 Qc7 10. Bg5 a6 11. Re1 d6 12. Qd2 Be6 13. Bf1 Rfc8 14. h3 Ne5
15. Nd4 Bc4 16. f4 Bxf1 17. fxe5 dxe5 18. Ne6 Qb6+ 19. Qf2 Qxe6 20. Rxf1 Rxc3
21. bxc3 Nxe4 22. Qe3 Nd6 23. Qb6 Rc8 24. c4 Rxc4 25. Qd8+ Bf8 26. Rad1 Rxc2
27. Bxe7 Qxe7 28. Rxd6 Qxd6 {#R} 0-1

[Event "MSI Academy Final Open"]
[Site "London ENG"]
[Date "2014.11.21"]
[Round "5.6"]
[White "Krzyzanowski, Patryk"]
[Black "Prior, Stephen C V"]
[Result "1-0"]
[WhiteElo "1982"]
[BlackElo "2018"]

1. d4 d5 2. c4 c6 3. cxd5 cxd5 4. Nf3 Nf6 5. Nc3 Nc6 6. Bf4 a6 7. e3 Bg4 8.
Be2 e6 9. Rc1 Bd6 10. Ne5 Bxe2 11. Qxe2 Bxe5 12. dxe5 Nd7 13. Qg4 g5 14. Qxg5
Qxg5 15. Bxg5 Ncxe5 16. Ke2 f6 17. Bf4 Ke7 18. Rhd1 Nc6 19. g4 Rac8 20. Bg3 b5
21. f4 Nb6 22. Kf2 Rhd8 23. Bh4 b4 24. Ne2 Nc4 25. b3 Nd6 26. Ng3 Nb5 27. g5
Nc3 28. gxf6+ Kf7 29. Rd3 d4 30. exd4 Nxd4 31. Rg1 Ncb5 32. Rd2 Nc3 33. Re1
Rd5 34. Re5 Rcd8 35. Rxd5 Rxd5 36. Ke3 Nf5+ 37. Nxf5 exf5 38. Rg2 h6 39. Rg7+
Kf8 40. Rh7 Nxa2 41. Rxh6 Nc1 42. Rh8+ Kf7 43. Rh7+ Kf8 44. Bg5 Rd3+ 45. Kf2
Rd2+ 46. Ke1 Rd4 47. f7 Nd3+ 48. Kf1 Rxf4+ 49. Ke2 Nc1+ 50. Kd1 Rf1+ 51. Kc2
{#r} 1-0

[Event "MSI Academy Final Open"]
[Site "London ENG"]
[Date "2014.11.21"]
[Round "6.1"]
[White "Cherniaev, Alexander"]
[Black "Fodor, Tamas Jr."]
[Result "1/2-1/2"]
[WhiteElo "2475"]
[BlackElo "2502"]

1. d4 d5 2. Nf3 Nf6 3. g3 c6 4. Bg2 Bf5 5. c4 e6 6. Nc3 h6 7. Qb3 Qc8 8. Bf4
Nbd7 9. Rc1 g5 10. Be5 Nxe5 11. Nxe5 Qc7 12. cxd5 exd5 13. Nxd5 Nxd5 14. Qxd5
Be6 15. Qb5 Bd6 16. Qa4 Bxe5 17. dxe5 Qxe5 18. Qa3 f6 19. O-O Kf7 20. f4 gxf4
21. gxf4 Qd4+ 22. e3 Qb6 23. Kh1 Rad8 24. f5 Bc8 25. Qc3 Qb5 26. e4 Rd3 27.
Qc2 Rd4 28. Bf3 Qb4 29. a3 Qd6 30. Bh5+ Ke7 31. Qg2 Kd8 32. Rfd1 Bd7 33. Qg7
Re8 34. Rxd4 Qxd4 35. Bxe8 Qxe4+ 36. Qg2 Qxe8 37. Rf1 Kc8 38. h3 c5 39. Kg1
Qe5 40. Qf2 Bc6 41. Re1 Qd5 42. Kh2 Qd6+ 43. Kg1 {#d} 1/2-1/2